|
|
|
|
| LEADER |
01034cam a2200325 7i4500 |
| 001 |
0000068132 |
| 005 |
20200103090000.0 |
| 005 |
##20200103082900.0 |
| 003 |
##MY-KlINT |
| 008 |
190821t20152015my e 001 0 may d |
| 020 |
# |
# |
|a 9789831007778
|
| 039 |
# |
9 |
|a 202001030829
|b Zuraidah
|c 201911080934
|d aninah
|y 201908210932
|z aninah
|
| 040 |
# |
# |
|a INTS
|
| 082 |
0 |
0 |
|a 361.06
|
| 090 |
0 |
0 |
|a 361.06
|b MEL
|
| 100 |
1 |
# |
|a Melati Sumari,
|c Dr
|e author
|
| 245 |
1 |
0 |
|a TEORI DAN AMALAN KAUNSELING KERJAYA /
|c MELATI SUMARI, NORFAEZAH MD KHALID, NORSAFATUL AZNIN A. RAZAK.
|
| 264 |
# |
0 |
|a Kuala Lumpur
|b Penerbit Universiti Malaya
|c 2015
|
| 264 |
# |
0 |
|a ♭2015
|
| 300 |
# |
# |
|a xix, 179 pages;
|c 23cm.
|
| 336 |
# |
# |
|a text
|2 rdacontent
|
| 337 |
# |
# |
|a unmediated
|2 rdamedia
|
| 338 |
# |
# |
|a volume
|2 rdacarrier
|
| 504 |
# |
# |
|a Includes bibliographical references and index
|
| 583 |
# |
# |
|a LULUS
|
| 650 |
# |
0 |
|a Counseling
|
| 650 |
# |
0 |
|a Career development
|
| 650 |
# |
0 |
|a Vocational guidance
|
| 700 |
0 |
# |
|a Norfaezah Md. Khalid
|
| 700 |
0 |
# |
|a Norsafatul Aznin A. Razak
|